000 00505nam a2200193Ia 4500
008 180921t2017 xxu||||| |||| 00| 0 sin d
041 _asin
080 _a82-9
_bASE
100 _aWalipitiye Inda Nanda himi
_eed.
245 _aආශීර්වාද
246 _aAseerwada
260 _bGodage
_aColombo
_c2017
300 _b640p, 21cm
700 _a Halpitiye Samitha himi
_eed.
700 _aKudawawe Somananda himi
_eed.
942 _cBK
999 _c600
_d600
003 LK-CoDNM
040 _aLK-CoDNM
_dLK-CoDNM
_eLK-CoDNM